000 00298nam a2200133 i 4500
001 bg
100 1 _aRABJASZ, Robert
245 0 _aInstalacje gazowe /
_cRobert Rabjasz.
260 _aWarszawa,
_c1992.
040 _cBPK
041 _apol
942 _cKS
008 s pl f |000 0 pol
999 _c5388
_d5388
856 _uhttp://koha.tu.koszalin.pl/cgi-bin/koha/opac-detail.pl?biblionumber=5388
_yKatalog online BPK